Mystery Movie Monologue #5 - Statistics

General Stats
  • This quiz has been taken 569 times
  • The average score is 148 of 264
Answer Stats
Answer % Correct
I
99%
I'm
99%
a
97%
A
97%
the
92%
The
92%
you
91%
You
91%
you're
91%
You're
91%
Do
86%
don't
86%
when
85%
know
82%
what
82%
What
82%
to
81%
be
79%
is,
78%
is
78%
is?
78%
is.
78%
it.
77%
it
77%
It
77%
it's
77%
no
76%
that
76%
That
76%
and
73%
go
70%
in
69%
are
67%
can
67%
can't
67%
me
67%
me.
67%
want
67%
why
65%
on
64%
for
62%
there.
58%
there
58%
there's
58%
your
58%
have
55%
But
54%
but
54%
how
54%
see
53%
this
52%
This
52%
this,
52%
about?
49%
all
46%
talking
45%
here.
44%
here
44%
tell
44%
us.
43%
because
42%
feel
42%
Like
42%
were
42%
from
41%
or
41%
now,
36%
one
35%
life:
34%
has
33%
look
33%
out
33%
up
33%
with
33%
take
32%
truth.
32%
truth?
32%
truth,
32%
mean.
31%
something.
31%
something
31%
exactly
30%
bed
29%
Let
29%
nothing
28%
over
28%
world.
28%
world
28%
believe
27%
believe.
27%
been
25%
Even,
25%
eyes
25%
into
25%
last
25%
more.
25%
mind,
24%
mind.
24%
wrong
24%
After
23%
back.
23%
work,
23%
around
22%
mad.
22%
Matrix
22%
show
22%
smell
22%
taste
22%
very
22%
yourself.
22%
entire
21%
feeling
21%
goes.
21%
told
21%
touch.
21%
cannot
20%
chance.
20%
red
20%
blue
19%
brought
19%
else,
19%
everyone
19%
everywhere.
19%
explain.
19%
felt
19%
pill,
19%
Remember,
19%
room.
19%
stay
19%
turn
19%
wake
19%
whatever
19%
born
18%
church,
18%
deep
18%
hole
18%
Neo.
18%
pay
18%
prison
18%
slave,
18%
window
18%
driving
17%
pulled
17%
rabbit-
17%
story
17%
turning
17%
blind
16%
bondage,
16%
ends,
16%
offering
16%
splinter
16%
taxes.
16%
television.
16%
Unfortunately,
16%
Wonderland,
16%
No matching quizzes found
Score Distribution
Percent of People with Each Score
Percentile by Number Answered
Your Score History
You have not taken this quiz